00401nam a2200169Ia 4500008004100000020001800041050001400059100001900073245003100092245002200123260001500145260001600160260000900176300001600185300002000201300001000221170918s9999 xx 000 0 und d a9780439388818 bM379 2002 aMartin, Ann M. 2aA corner of the universe / cby Ann M. Martin. aNew York : bScholastic, c2002 a189 pages : billustrations ; c19cm.